[Event "EU-ch U16 26th"]
[Site "Prague"]
[Date "2016.08.26"]
[Round "8"]
[White "Solc, Filip"]
[Black "Lamblin, Jean"]
[Result "1/2-1/2"]
[WhiteElo "1915"]
[BlackElo "2090"]
[PlyCount "63"]
[EventDate "2016.08.18"]
[EventType "swiss"]
[EventRounds "9"]
[EventCountry "CZE"]
[SourceTitle "CBM 174 Extra"]
[Source "ChessBase"]
[SourceDate "2016.10.10"]
[SourceVersion "1"]
[SourceVersionDate "2016.10.10"]
[SourceQuality "1"]

1. e4 c5 2. Nf3 Nc6 3. Nc3 e5 4. Bc4 d6 5. d3 Be7 6. Nd2 Nf6 7. Nf1 Bg4 8. f3 Be6 9. Ne3 Nd7 10. 0-0 0-0 11. g3 Nd4 12. Ncd5 b5 13. Nxe7+ Qxe7 14. Bd5 Rac8 15. c3 Nc6 16. f4 exf4 17. gxf4 Nf6 18. Bxc6 Rxc6 19. f5 Bc8 20. Ng4 Nxg4 21. Qxg4 d5 22. Bg5 f6 23. Rae1 dxe4 24. Rxe4 Qd7 25. Bd2 Bb7 26. Rfe1 Rc7 27. R4e3 c4 28. d4 Qd5 29. Re7 Qh1+ 30. Kf2 Qxh2+ 31. Kf1 Qh1+ 32. Kf2 1/2-1/2

[Event "EU-ch U16 26th"]
[Site "Prague"]
[Date "2016.08.21"]
[Round "4"]
[White "Sousa, Andre Ventura"]
[Black "Lamblin, Jean"]
[Result "1/2-1/2"]
[WhiteElo "2411"]
[BlackElo "2090"]
[PlyCount "86"]
[EventDate "2016.08.18"]
[EventType "swiss"]
[EventRounds "9"]
[EventCountry "CZE"]
[SourceTitle "CBM 174 Extra"]
[Source "ChessBase"]
[SourceDate "2016.10.10"]
[SourceVersion "1"]
[SourceVersionDate "2016.10.10"]
[SourceQuality "1"]

1. e4 c5 2. Nf3 Nc6 3. Bb5 e5 4. 0-0 Bd6 5. c3 Nge7 6. Re1 0-0 7. d4 cxd4 8. cxd4 exd4 9. Nxd4 a6 10. Bf1 Bb4 11. Bd2 Bxd2 12. Qxd2 d5 13. Nxc6 bxc6 14. exd5 cxd5 15. Nc3 Be6 16. Rad1 Qb6 17. Na4 Qc6 18. Qa5 Rfd8 19. Rc1 Qd6 20. Nc5 Bc8 21. Nb3 Be6 22. Nd4 Rab8 23. b3 Rb6 24. Rc3 Rc8 25. Rxc8+ Nxc8 26. a3 h6 27. Qc3 Ne7 28. b4 Rb8 29. Qd3 Ra8 30. g3 Bd7 31. Qc2 Nc6 32. Nb3 Ne5 33. Bg2 Rc8 34. Qd1 Be6 35. Qa1 Ng4 36. Qb2 Qb6 37. Nd4 Nf6 38. h3 Rc4 39. Rd1 Ne4 40. Kh2 Nc3 41. Rd3 Rxd4 42. Rxc3 Rc4 43. Rxc4 dxc4 1/2-1/2

[Event "EU-ch U16 26th"]
[Site "Prague"]
[Date "2016.08.20"]
[Round "3"]
[White "Lamblin, Jean"]
[Black "Dobrovoljc, Vid"]
[Result "1/2-1/2"]
[WhiteElo "2090"]
[BlackElo "2306"]
[PlyCount "105"]
[EventDate "2016.08.18"]
[EventType "swiss"]
[EventRounds "9"]
[EventCountry "CZE"]
[SourceTitle "CBM 174 Extra"]
[Source "ChessBase"]
[SourceDate "2016.10.10"]
[SourceVersion "1"]
[SourceVersionDate "2016.10.10"]
[SourceQuality "1"]

1. d4 Nf6 2. Nf3 g6 3. c4 Bg7 4. Nc3 0-0 5. g3 d6 6. Bg2 Nbd7 7. 0-0 e5 8. e3 c6 9. a4 a5 10. b3 Re8 11. Ra2 e4 12. Ng5 d5 13. cxd5 cxd5 14. f3 h6 15. Nh3 exf3 16. Qxf3 Nb6 17. Nf4 Bg4 18. Qf2 Bf5 19. h3 Ne4 20. Nxe4 Bxe4 21. Bxe4 Rxe4 22. Nd3 Qe8 23. Nc5 Re7 24. Qf4 Rd8 25. Rc2 Nc8 26. Bd2 h5 27. g4 hxg4 28. hxg4 b6 29. Nd3 Nd6 30. Nf2 Ne4 31. Be1 Nxf2 32. Kxf2 Re4 33. Qf3 Rd6 34. g5 Re7 35. Bd2 Qb8 36. Rfc1 Rd8 37. Qg3 Qxg3+ 38. Kxg3 Red7 39. Rc6 Rb8 40. Kf3 Bf8 41. Rc8 Rxc8 42. Rxc8 Kg7 43. Rb8 Rd6 44. b4 Be7 45. bxa5 bxa5 46. Bxa5 Bxg5 47. Bd2 Kf6 48. a5 Ke6 49. Ra8 Rd8 50. Rxd8 Bxd8 51. a6 Bb6 52. Ba5 Ba7 53. Bb4 1/2-1/2

[Event "Wch U14"]
[Site "Porto Carras"]
[Date "2015.10.26"]
[Round "2"]
[White "Esipenko, Andrey"]
[Black "Lamblin, Jean"]
[Result "1-0"]
[WhiteElo "2384"]
[BlackElo "2110"]
[PlyCount "93"]
[EventDate "2015.10.25"]
[EventType "swiss"]
[EventRounds "11"]
[EventCountry "GRE"]
[SourceTitle "CBM 169 Extra"]
[Source "ChessBase"]
[SourceDate "2015.12.18"]
[SourceVersion "1"]
[SourceVersionDate "2015.12.18"]
[SourceQuality "1"]

1. d4 d5 2. c4 c6 3. Nf3 Nf6 4. Nc3 e6 5. e3 Nbd7 6. Qc2 Bd6 7. b3 0-0 8. Be2 e5 9. cxd5 cxd5 10. Nb5 Bb4+ 11. Bd2 Bxd2+ 12. Nxd2 exd4 13. Nxd4 Ne5 14. 0-0 Bd7 15. Qc5 Qb8 16. h3 Rc8 17. Qa3 Nc6 18. N2f3 Ne4 19. Rac1 a6 20. Bd3 Nxd4 21. Nxd4 Qe5 22. Qb4 b5 23. Nf3 Qd6 24. Qxd6 Nxd6 25. Nd4 g6 26. f3 Kg7 27. Kf2 Nb7 28. Ke2 Nc5 29. Kd2 Ne6 30. Ne2 Kf8 31. h4 h5 32. Rce1 Rd8 33. Rf2 Be8 34. g4 d4 35. e4 hxg4 36. fxg4 Kg7 37. e5 Bc6 38. Ref1 Ra7 39. Rf6 Bd5 40. h5 Nf8 41. Nf4 g5 42. h6+ Kg8 43. Nxd5 Rxd5 44. e6 Nxe6 45. h7+ Kg7 46. Rxe6 fxe6 47. Rf8 1-0

[Event "Wch U12"]
[Site "Al Ain"]
[Date "2013.12.22"]
[Round "6"]
[White "Lamblin, Jean"]
[Black "Schmidek, Emil"]
[Result "0-1"]
[WhiteElo "1803"]
[BlackElo "1994"]
[PlyCount "108"]
[EventDate "2013.12.18"]
[EventType "swiss"]
[EventRounds "11"]
[EventCountry "UAE"]
[SourceTitle "CBM 158 Extra"]
[Source "ChessBase"]
[SourceDate "2014.02.28"]
[SourceVersion "1"]
[SourceVersionDate "2014.02.28"]
[SourceQuality "1"]

1. d4 Nf6 2. Nf3 g6 3. c4 Bg7 4. Nc3 d5 5. Bf4 0-0 6. e3 c5 7. Rc1 cxd4 8. exd4 Nc6 9. Be2 dxc4 10. d5 Nb4 11. Bxc4 b5 12. Bxb5 Nfxd5 13. Nxd5 Nxd5 14. Bc7 Nxc7 15. Qxd8 Rxd8 16. Rxc7 Rb8 17. Bc4 Bxb2 18. 0-0 Rd7 19. Rxd7 Bxd7 20. Rd1 Bc6 21. Ng5 e6 22. Rd6 Bd5 23. Bf1 Rb7 24. a4 Kg7 25. Nf3 Bc3 26. h4 Rb1 27. Rd7 Bc4 28. Nh2 Be5 29. g3 a6 30. Rd2 Ra1 31. f4 Bf6 32. Kf2 Bxf1 33. Nxf1 Rxa4 34. Ne3 Bd4 35. Ke2 Bxe3 36. Kxe3 Ra3+ 37. Kf2 h5 38. Rc2 a5 39. Rb2 a4 40. Rc2 Ra1 41. Rd2 a3 42. Rc2 a2 43. Kg2 Rg1+ 44. Kxg1 a1Q+ 45. Kg2 Qa8+ 46. Kf2 Qa7+ 47. Kg2 Qe3 48. Rf2 Kf6 49. Rf3 Qe2+ 50. Rf2 Qe4+ 51. Kh2 Kf5 52. Rg2 Kg4 53. Rf2 Qe1 54. Rg2 Kf3 0-1

[Event "FRA-chT U20 16 GP Basse 1213"]
[Site "France"]
[Date "2013.05.20"]
[Round "11"]
[White "Lamblin, Jean"]
[Black "Marjenberg, Stanley"]
[Result "1-0"]
[WhiteElo "1763"]
[BlackElo "1501"]
[PlyCount "59"]
[EventDate "2012.12.01"]
[EventType "team"]
[EventRounds "11"]
[EventCountry "FRA"]
[SourceTitle "EXT 2014"]
[Source "ChessBase"]
[SourceDate "2013.11.20"]
[SourceVersion "1"]
[SourceVersionDate "2013.11.20"]
[SourceQuality "1"]
[WhiteTeam "Monaco (U20)"]
[BlackTeam "Villepinte (U20)"]
[WhiteTeamCountry "FRA"]
[BlackTeamCountry "FRA"]

1. e4 e6 2. d4 d5 3. Nd2 Nf6 4. e5 Nfd7 5. Bd3 c5 6. c3 Nc6 7. Ngf3 Qb6 8. 0-0 cxd4 9. cxd4 Nxd4 10. Nxd4 Qxd4 11. Nf3 Qb6 12. Qa4 Be7 13. Qg4 g6 14. h4 Nc5 15. Be3 Qd8 16. Bxc5 Bxc5 17. h5 Qe7 18. Rac1 Bb6 19. Qh3 Qf8 20. Qh4 Bd7 21. Rc2 Bc6 22. Rfc1 gxh5 23. Bb5 Kd7 24. Rxc6 bxc6 25. Bxc6+ Kc8 26. Bxa8+ Kb8 27. Bc6 Qh6 28. Rc3 Qg6 29. Qe7 Bc7 30. Rb3+ 1-0

[Event "FRA-chT U20 16 GP Basse 1213"]
[Site "France"]
[Date "2013.05.18"]
[Round "8"]
[White "Vlachos, Anatole"]
[Black "Lamblin, Jean"]
[Result "1/2-1/2"]
[WhiteElo "1795"]
[BlackElo "1763"]
[PlyCount "39"]
[EventDate "2012.12.01"]
[EventType "team"]
[EventRounds "11"]
[EventCountry "FRA"]
[SourceTitle "EXT 2014"]
[Source "ChessBase"]
[SourceDate "2013.11.20"]
[SourceVersion "1"]
[SourceVersionDate "2013.11.20"]
[SourceQuality "1"]
[WhiteTeam "Lutece (U20)"]
[BlackTeam "Monaco (U20)"]
[WhiteTeamCountry "FRA"]
[BlackTeamCountry "FRA"]

1. e4 c5 2. Nf3 Nc6 3. c3 Nf6 4. e5 Nd5 5. d4 cxd4 6. cxd4 d6 7. Bc4 e6 8. 0-0 Be7 9. Re1 0-0 10. Nc3 Nxc3 11. bxc3 d5 12. Bd3 a5 13. Re3 g6 14. Ne1 f5 15. Rg3 b6 16. Qh5 Bh4 17. Rxg6+ hxg6 18. Qxg6+ Kh8 19. Qh6+ Kg8 20. Qg6+ 1/2-1/2

[Event "FRA-ch U12"]
[Site "Saint Paul Trois Chateaux"]
[Date "2013.05.01"]
[Round "4"]
[White "Willems, Niels"]
[Black "Lamblin, Jean"]
[Result "1/2-1/2"]
[WhiteElo "1708"]
[BlackElo "1778"]
[PlyCount "187"]
[EventDate "2013.04.28"]
[EventType "swiss"]
[EventRounds "9"]
[EventCountry "FRA"]
[SourceTitle "CBM 154 Extra"]
[Source "ChessBase"]
[SourceDate "2013.06.25"]
[SourceVersion "2"]
[SourceVersionDate "2013.06.25"]
[SourceQuality "1"]

1. c4 e5 2. Nc3 Nf6 3. g3 d5 4. cxd5 Nxd5 5. Bg2 Nb6 6. Nf3 Nc6 7. 0-0 Be7 8. d3 Be6 9. a3 a5 10. Nb5 0-0 11. b3 Bf6 12. Bb2 a4 13. b4 Qd7 14. Nd2 Nxb4 15. Nxc7 Qxc7 16. axb4 Be7 17. Rc1 Qb8 18. Ba3 Nd5 19. Nc4 b5 20. Nb2 Ra7 21. Qd2 Rc7 22. Rxc7 Qxc7 23. Rc1 Qd7 24. Nd1 Rc8 25. Rxc8+ Qxc8 26. Qb2 f6 27. Bxd5 Bxd5 28. Nc3 Bc6 29. f3 Qd7 30. Nd1 Qd4+ 31. Qxd4 exd4 32. Kg2 Kf7 33. Kf2 Ke6 34. Kg2 Bd5 35. Kf1 h5 36. Nf2 g5 37. Nh3 Kf5 38. Nf2 h4 39. g4+ Kg6 40. Kg2 Bd6 41. Ne4 Bxe4 42. fxe4 Kf7 43. h3 Ke6 44. Kf3 Bf4 45. Kg2 Ke5 46. Kf2 Bd2 47. Kf3 Be1 48. Kg2 Kf4 49. Bc1+ Ke5 50. Ba3 Bd2 51. Kf3 Be3 52. Bb2 Bd2 53. Ba3 Bc3 54. Kf2 Kf4 55. Bc1+ Ke5 56. Ba3 Bd2 57. Kf3 Be1 58. Kg2 Bc3 59. Kf2 Bd2 60. Kf3 Be1 61. Kg2 Bc3 62. Kf2 Bd2 63. Kf3 Be3 64. Bb2 Bf4 65. Ba3 Bd2 66. Kg2 Kf4 67. Kf2 Be3+ 68. Kg2 Ke5 69. Bb2 Bd2 70. Ba3 Bc3 71. Kf2 Bd2 72. Kf3 Be1 73. Kg2 Bc3 74. Kf2 Ba1 75. Kf3 Bc3 76. Kf2 Bd2 77. Kf3 Be3 78. Bb2 Bf4 79. Ba3 Bd2 80. Kg2 Kf4 81. Kf2 Be3+ 82. Kg2 Bd2 83. Kf2 Ke5 84. Kf3 Bc3 85. Kf2 Bd2 86. Kf3 Be3 87. Bb2 Bf4 88. Ba3 Bd2 89. Kg2 Be1 90. Kf3 Bd2 91. Kg2 Be3 92. Kf3 Bg1 93. Bb2 Be3 94. Ba3 1/2-1/2

[Event "FRA-chT U20 GpA 1213"]
[Site "France"]
[Date "2012.12.02"]
[Round "3"]
[White "Lamblin, Jean"]
[Black "Lagarde, Dimitri"]
[Result "0-1"]
[WhiteElo "1763"]
[BlackElo "1840"]
[PlyCount "104"]
[EventDate "2012.12.01"]
[EventType "team"]
[EventRounds "7"]
[EventCountry "FRA"]
[SourceTitle "EXT 2014"]
[Source "ChessBase"]
[SourceDate "2013.11.20"]
[SourceVersion "1"]
[SourceVersionDate "2013.11.20"]
[SourceQuality "1"]
[WhiteTeam "Monaco (U20)"]
[BlackTeam "Cannes (U20)"]
[WhiteTeamCountry "FRA"]
[BlackTeamCountry "FRA"]

1. d4 Nf6 2. Nf3 c5 3. c4 cxd4 4. Nxd4 Nc6 5. Nc3 Qb6 6. Nc2 e6 7. e3 Be7 8. Be2 0-0 9. 0-0 a6 10. Rb1 Qc7 11. e4 Ne5 12. Bf4 d6 13. Ne3 b6 14. Qc2 Bb7 15. b4 Rac8 16. Rfd1 Rfd8 17. Bg3 b5 18. Bxe5 dxe5 19. c5 Bc6 20. Bf3 Rd4 21. Nf1 Rcd8 22. Ng3 a5 23. a3 Rc4 24. Rxd8+ Qxd8 25. Rd1 Qc7 26. Be2 Rd4 27. Rxd4 exd4 28. Nxb5 Qd8 29. Qd3 e5 30. f3 Qa8 31. Nf5 Bf8 32. Nfd6 axb4 33. axb4 Qa1+ 34. Kf2 Qh1 35. h3 Qh2 36. Qc4 Be8 37. Nxe8 Nxe8 38. c6 Be7 39. Ke1 Qg1+ 40. Kd2 Bg5+ 41. Kc2 Qc1+ 42. Kb3 Qb1+ 43. Ka4 Qa1+ 44. Na3 Bc1 45. Qb3 Nc7 46. Bc4 Kf8 47. b5 Na8 48. Qa2 Qc3 49. b6 Bd2 50. Nc2 Nxb6+ 51. Kb5 Nxc4 52. Qxc4 Qa5# 0-1

[Event "FRA-chT U20 GpA 1213"]
[Site "France"]
[Date "2012.12.02"]
[Round "2"]
[White "Lavault, Samuel"]
[Black "Lamblin, Jean"]
[Result "0-1"]
[WhiteElo "1368"]
[BlackElo "1763"]
[PlyCount "110"]
[EventDate "2012.12.01"]
[EventType "team"]
[EventRounds "7"]
[EventCountry "FRA"]
[SourceTitle "EXT 2014"]
[Source "ChessBase"]
[SourceDate "2013.11.20"]
[SourceVersion "1"]
[SourceVersionDate "2013.11.20"]
[SourceQuality "1"]
[WhiteTeam "Grenoble (U20)"]
[BlackTeam "Monaco (U20)"]
[WhiteTeamCountry "FRA"]
[BlackTeamCountry "FRA"]

1. e4 c5 2. Nf3 Nc6 3. d4 cxd4 4. Nxd4 e5 5. Nb5 d6 6. N1c3 f5 7. Bd3 fxe4 8. Bxe4 Nf6 9. Bg5 Be6 10. 0-0 a6 11. Na3 Be7 12. Bxf6 Bxf6 13. Bd5 Qe7 14. Bxe6 Qxe6 15. Qd5 Qxd5 16. Nxd5 0-0 17. Nc4 Ne7 18. Rad1 Nxd5 19. Rxd5 Rad8 20. Ne3 Bg5 21. c3 Bxe3 22. fxe3 Rxf1+ 23. Kxf1 Rf8+ 24. Ke2 Rf6 25. c4 Rh6 26. h3 Rg6 27. Kf3 Kf7 28. g3 Ke6 29. e4 Rf6+ 30. Ke2 Rh6 31. h4 g5 32. c5 dxc5 33. Rxc5 gxh4 34. gxh4 Rxh4 35. Kf3 Rh2 36. Rc7 Rxb2 37. Rxh7 Rxa2 38. Rxb7 a5 39. Kg4 Rf2 40. Ra7 Rf4+ 41. Kg3 Rxe4 42. Rxa5 Re3+ 43. Kf2 Rb3 44. Ra8 Kf5 45. Rf8+ Ke4 46. Rh8 Rb2+ 47. Ke1 Ke3 48. Rh3+ Kd4 49. Ra3 e4 50. Ra4+ Ke3 51. Ra3+ Kf4 52. Ra8 Rh2 53. Rg8 Kf3 54. Rf8+ Ke3 55. Rf1 Ra2 0-1

[Event "Wch U12"]
[Site "Maribor"]
[Date "2012.11.12"]
[Round "5.38"]
[White "Ioannidis, Evgenios"]
[Black "Lamblin, Jean"]
[Result "1/2-1/2"]
[WhiteElo "2002"]
[BlackElo "1763"]
[PlyCount "68"]
[EventDate "2012.11.08"]
[EventType "swiss"]
[EventRounds "11"]
[EventCountry "SLO"]
[SourceTitle "EXT 2013"]
[Source "ChessBase"]
[SourceDate "2012.11.22"]
[SourceVersion "1"]
[SourceVersionDate "2012.11.22"]
[SourceQuality "1"]

1. d4 Nf6 2. c4 c5 3. d5 b5 4. cxb5 a6 5. bxa6 Bxa6 6. Nc3 g6 7. e4 Bxf1 8. Kxf1 d6 9. g3 Bg7 10. Kg2 0-0 11. Nf3 Nbd7 12. Qc2 Ra6 13. Rb1 Qa8 14. Bd2 Ng4 15. a3 Rb8 16. Ne2 Qa7 17. h3 Nge5 18. Nxe5 Bxe5 19. Nc1 Rab6 20. Nd3 Bd4 21. f4 Nf6 22. Rhe1 Qb7 23. Bc3 Nxe4 24. Rxe4 Qxd5 25. Nb4 Rxb4 26. axb4 f5 27. Bxd4 cxd4 28. Rbe1 fxe4 29. Qxe4 Qxe4+ 30. Rxe4 Rxb4 31. Rxe7 Rxb2+ 32. Kf3 Rb3+ 33. Kf2 d3 34. Rd7 Rb6 1/2-1/2

[Event "FRA-ch U12"]
[Site "Nimes"]
[Date "2012.04.19"]
[Round "7"]
[White "Lamblin, Jean"]
[Black "Coiffait, Pierre Basile"]
[Result "1-0"]
[WhiteElo "1791"]
[BlackElo "1595"]
[PlyCount "85"]
[EventDate "2012.04.14"]
[EventType "swiss"]
[EventRounds "9"]
[EventCountry "FRA"]
[SourceTitle "CBM 148 Extra"]
[Source "ChessBase"]
[SourceDate "2012.06.22"]
[SourceVersion "1"]
[SourceVersionDate "2012.06.22"]
[SourceQuality "1"]

1. d4 e6 2. c4 f5 3. g3 Nf6 4. Bg2 Be7 5. Nc3 0-0 6. Nf3 Qe8 7. 0-0 d6 8. Qc2 Qg6 9. e3 Ne4 10. d5 e5 11. Nxe4 fxe4 12. Nd2 Bg4 13. Bxe4 Qh5 14. Re1 Nd7 15. Bg2 Rf6 16. Nf1 Raf8 17. f4 Bd8 18. b4 b6 19. a4 Rh6 20. a5 Bf6 21. Ra3 exf4 22. exf4 Bd4+ 23. Kh1 Nf6 24. Qd2 bxa5 25. Qxd4 Be2 26. Qg1 Re8 27. Re3 Rxe3 28. Nxe3 axb4 29. Nf5 Qxf5 30. Rxe2 Nh5 31. Qe3 Nf6 32. Qe6+ Qxe6 33. Rxe6 Kf7 34. Bf3 Nd7 35. Rxh6 gxh6 36. Kg2 Nc5 37. Be3 Na4 38. Bxa7 b3 39. Bd4 b2 40. Be4 Nb6 41. Bxb6 cxb6 42. Bxh7 Kg7 43. Bb1 1-0

[Event "FRA-ch U12"]
[Site "Nimes"]
[Date "2012.04.17"]
[Round "5"]
[White "Lamblin, Jean"]
[Black "Burri, Quentin"]
[Result "1/2-1/2"]
[WhiteElo "1791"]
[BlackElo "1768"]
[PlyCount "109"]
[EventDate "2012.04.14"]
[EventType "swiss"]
[EventRounds "9"]
[EventCountry "FRA"]
[SourceTitle "CBM 148 Extra"]
[Source "ChessBase"]
[SourceDate "2012.06.22"]
[SourceVersion "1"]
[SourceVersionDate "2012.06.22"]
[SourceQuality "1"]

1. d4 d5 2. Nf3 Nf6 3. c4 c6 4. Nc3 dxc4 5. a4 Na6 6. e3 Bg4 7. Bxc4 e6 8. 0-0 Be7 9. Bd3 Nb4 10. Bb1 Qc7 11. Ne4 Nxe4 12. Bxe4 Rd8 13. Bd2 Nd5 14. Bd3 Nf6 15. Be2 Ne4 16. Rc1 Bd6 17. h3 Bh5 18. Ne1 Bxe2 19. Qxe2 h5 20. b4 Qb8 21. b5 c5 22. Nf3 b6 23. Rfd1 g5 24. dxc5 Bxc5 25. Bc3 Rxd1+ 26. Qxd1 Nxc3 27. Rxc3 g4 28. Nd4 gxh3 29. Nc6 Qc7 30. Rd3 0-0 31. Qxh5 f5 32. Qg6+ Qg7 33. Qxg7+ Kxg7 34. Rd7+ Kf6 35. gxh3 Rg8+ 36. Kf1 Rh8 37. Kg2 Rg8+ 38. Kh2 f4 39. exf4 Bxf2 40. Rxa7 Bg3+ 41. Kg2 Bxf4+ 42. Kf3 e5 43. Rb7 Rg3+ 44. Kf2 Ra3 45. Ra7 Ra2+ 46. Kf3 Ra3+ 47. Ke2 e4 48. a5 Ra2+ 49. Kf1 e3 50. Re7 bxa5 51. Re4 Kf5 52. Re8 Kf6 53. Re4 Kf5 54. Re8 Kf6 55. Re4 1/2-1/2